Faculty of Law Library — Cairo University

Official Online Catalog

Theorie Generale Des Societes D'economie Mixte / (Record no. 43747)

MARC details
000 -LEADER
fixed length control field 00950nam a2200289 i 4500
003 - CONTROL NUMBER IDENTIFIER
control field EG-GICUC
005 - DATE AND TIME OF LATEST TRANSACTION
control field 20260210112107.0
008 - FIXED-LENGTH DATA ELEMENTS--GENERAL INFORMATION
fixed length control field 251117s1955 ua ||||fr|||| 000 0 fre d
040 ## - CATALOGING SOURCE
Original cataloging agency EG-GiCUC
Language of cataloging fre
Transcribing agency EG-GiCUC
Modifying agency EG-GiCUC
Description conventions Rda
082 04 - DEWEY DECIMAL CLASSIFICATION NUMBER
Edition number 21
Classification number 338.83
Item number EL . T
099 ## - LOCAL FREE-TEXT CALL NUMBER (OCLC)
Classification number Law1 13 338.83 EL . T 1955
100 1# - MAIN ENTRY--PERSONAL NAME
Personal name Gharib El-gammal
Relator term Auteur
245 10 - TITLE STATEMENT
Title Theorie Generale Des Societes D'economie Mixte /
Statement of responsibility, etc. Gharib El-gammal , G. Gorla.
264 #1 - PRODUCTION, PUBLICATION, DISTRIBUTION, MANUFACTURE, AND COPYRIGHT NOTICE
Place of production, publication, distribution, manufacture Caire :
Name of producer, publisher, distributor, manufacturer Imprimerie "Mondiale",
Date of production, publication, distribution, manufacture, or copyright notice 1955.
300 ## - PHYSICAL DESCRIPTION
Extent 195page ;
Dimensions 24 cm.
336 ## - CONTENT TYPE
Source rda contenu
Content type term texte
337 ## - MEDIA TYPE
Source rda medias
Media type term Ordinateur
338 ## - CARRIER TYPE
Source transporteur rda
Carrier type term Ressource en ligne
504 ## - BIBLIOGRAPHY, ETC. NOTE
Bibliography, etc. note
546 ## - LANGUAGE NOTE
Language note Texte en français
650 1# - SUBJECT ADDED ENTRY--TOPICAL TERM
Topical term or geographic name entry element Finances publiques et législation fiscale
Source of heading or term
651 1# - SUBJECT ADDED ENTRY--GEOGRAPHIC NAME
Source of heading or term
700 1# - ADDED ENTRY--PERSONAL NAME
Personal name G. Gorla
Relator term Président
856 40 - ELECTRONIC LOCATION AND ACCESS
Uniform Resource Identifier <a href="https://fll.law.cu.edu.eg/fulltext/bks/B13-06494.pdf">https://fll.law.cu.edu.eg/fulltext/bks/B13-06494.pdf</a>
905 ## - Cataloger and Reviser Names
Cataloger Name: Dina
Revisor Name: Hassnaa
942 ## - ADDED ENTRY ELEMENTS (KOHA)
Source of classification or shelving scheme Dewey Decimal Classification
Koha item type Books
Edition 21
Suppress in OPAC No
Holdings
Withdrawn status Lost status Source of classification or shelving scheme Damaged status Not for loan Collection Home library Current library Date acquired Total checkouts Full call number Barcode Date last seen Copy number Price effective from Koha item type
    Dewey Decimal Classification   Not for loan المالية العامة والتشريع الضريبي جــــامعة القــاهرة مكتبة كلية الحقوق - المبنى الرئيسي 17.11.2025   Law1 13 330.1 EL . T 1955 1306494 C1 B13-06494 17.11.2025 1 17.11.2025 Books
    Dewey Decimal Classification     المالية العامة والتشريع الضريبي جــــامعة القــاهرة مكتبة كلية الحقوق - المبنى الرئيسي 24.01.2026   Law1 13 338.83 EL . T 1955 1310658 C2 B13-10658 24.01.2026 2 24.01.2026 Books
    Dewey Decimal Classification     المالية العامة والتشريع الضريبي جــــامعة القــاهرة مكتبة كلية الحقوق - فـرع الشيخ زايد 24.01.2026   Law2 13 338.83 EL . T 1955 1310660 C3 B13-10660 24.01.2026 3 24.01.2026 Books

© All rights reserved — Faculty of Law, Cairo University